[Event "GER HS-211 email"]
[Site "GER email"]
[Date "2016.10.04"]
[Round "?"]
[White "Friedrich, Gerhard"]
[Black "Schieweck, Gert"]
[Result "1-0"]
[WhiteElo "1874"]
[BlackElo "1756"]
[PlyCount "77"]
[EventDate "2016.10.10"]
[EventType "tourn (corr)"]
[EventRounds "6"]
[EventCountry "GER"]
[SourceTitle "Corr 2020"]
[Source "ChessBase"]
[SourceDate "2019.09.30"]
[SourceVersion "1"]
[SourceVersionDate "2019.09.30"]
[SourceQuality "1"]

1. e4 c5 2. Nc3 Nc6 3. Nf3 e5 4. Bc4 Nf6 5. Ng5 d5 6. exd5 Nd4 7. d3 h6 8. Nge4 Nxe4 9. dxe4 a6 10. a4 Qh4 11. 0-0 Bd6 12. Kh1 f5 13. f3 0-0 14. Bd2 Bd7 15. a5 g5 16. exf5 e4 17. f4 Bxf5 18. Be1 Qg4 19. Qxg4 Bxg4 20. Nxe4 Bxf4 21. d6+ Kh7 22. Nxc5 Bxd6 23. Nxb7 Nxc2 24. Bd3+ Kg8 25. Rxf8+ Rxf8 26. Bc4+ Kh7 27. Rc1 Bb4 28. Rxc2 Bxe1 29. Bxa6 Kg7 30. Bb5 Bf5 31. Rc7+ Kg6 32. a6 Bf2 33. Nc5 Rd8 34. g3 Rd5 35. a7 Bxc5 36. Rxc5 Be4+ 37. Kg1 Rxc5 38. Bd3 Bxd3 39. a8Q 1-0

[Event "GER HS-210 email"]
[Site "GER email"]
[Date "2016.08.31"]
[Round "?"]
[White "Friedrich, Gerhard"]
[Black "Boettcher, Frank"]
[Result "1-0"]
[WhiteElo "1855"]
[BlackElo "1285"]
[PlyCount "71"]
[EventDate "2016.09.05"]
[EventType "tourn (corr)"]
[EventRounds "6"]
[EventCountry "GER"]
[SourceTitle "Corr 2020"]
[Source "ChessBase"]
[SourceDate "2019.09.30"]
[SourceVersion "1"]
[SourceVersionDate "2019.09.30"]
[SourceQuality "1"]

1. e4 e5 2. Nf3 Nf6 3. Nxe5 d6 4. Nf3 Nxe4 5. d4 Be7 6. Bd3 Nf6 7. c4 0-0 8. 0-0 Bg4 9. h3 Bh5 10. g4 Bg6 11. Bxg6 fxg6 12. Ng5 Ne8 13. Re1 Bxg5 14. Nc3 Qf6 15. Ne4 Qf3 16. Qxf3 Rxf3 17. Nxg5 Rf8 18. Ne6 Rf6 19. Bg5 Rf3 20. Kg2 Rf7 21. Nd8 Rf8 22. Be7 Nc6 23. Nxc6 bxc6 24. Bxf8 Kxf8 25. g5 h5 26. Rac1 d5 27. c5 a5 28. Re3 h4 29. Ra3 Kf7 30. Ra4 Rb8 31. Rc2 Rb5 32. a3 Ke7 33. b4 axb4 34. Ra8 b3 35. Re2+ Kd7 36. Raxe8 1-0

[Event "Berlin Lichtenberger op 15th"]
[Site "Berlin"]
[Date "2016.08.16"]
[Round "4"]
[White "Friedrich, Gerhard"]
[Black "Boehm, Juergen1111"]
[Result "0-1"]
[WhiteElo "1930"]
[BlackElo "2168"]
[PlyCount "140"]
[EventDate "2016.08.13"]
[EventType "swiss"]
[EventRounds "9"]
[EventCountry "GER"]
[SourceTitle "CBM 173 Extra"]
[Source "ChessBase"]
[SourceDate "2016.08.29"]
[SourceVersion "1"]
[SourceVersionDate "2016.08.29"]
[SourceQuality "1"]

1. d4 d5 2. Nf3 Nf6 3. e3 Bf5 4. c4 c6 5. Nc3 e6 6. Be2 h6 7. 0-0 Nbd7 8. a3 a5 9. Nh4 Bh7 10. g3 Be7 11. f4 Ne4 12. Nf3 0-0 13. Ne5 Nxe5 14. fxe5 f6 15. cxd5 exd5 16. Nxe4 Bxe4 17. exf6 Rxf6 18. Bd3 Bxd3 19. Rxf6 Bxf6 20. Qxd3 a4 21. Bd2 Qd7 22. Rf1 Kf7 23. Kg2 Re8 24. Qc2 b5 25. Qd1 Re4 26. Qc2 Kg8 27. Rf2 Qe6 28. Qd3 Bg5 29. Rf3 h5 30. h3 Bh6 31. Qc3 Qe8 32. h4 Re7 33. Qd3 Re4 34. Qc3 Re7 35. Qd3 Re4 36. Qc3 Qg6 37. Qa5 Kh7 38. Qd8 Re8 39. Qd7 Qe6 40. Qxe6 Rxe6 41. Kf2 Kg6 42. Rf8 Rf6+ 43. Rxf6+ Kxf6 44. Kf3 Kf5 45. Bb4 g6 46. Be7 Bg7 47. Bc5 Bf6 48. Bb4 Bd8 49. Bc3 Be7 50. Ba5 c5 51. dxc5 Bxc5 52. Bc3 Bd6 53. Bd4 Be5 54. Bc3 Bd6 55. Bd4 b4 56. axb4 Bxb4 57. Bg7 Bd6 58. Bc3 Bc7 59. Bd4 Be5 60. Bxe5 Kxe5 61. Kf2 d4 62. Ke2 Ke4 63. exd4 Kxd4 64. Kd2 Kc4 65. Kc2 Kb4 66. Kc1 Kc5 67. Kd1 Kd5 68. Ke1 Ke5 69. Kf2 Kd4 70. Ke2 Ke4 0-1

[Event "Berlin Lichtenberger op 15th"]
[Site "Berlin"]
[Date "2016.08.13"]
[Round "1"]
[White "Friedrich, Gerhard"]
[Black "Schmole Rostosky, Joachim"]
[Result "1-0"]
[WhiteElo "1930"]
[BlackElo "1580"]
[PlyCount "68"]
[EventDate "2016.08.13"]
[EventType "swiss"]
[EventRounds "9"]
[EventCountry "GER"]
[SourceTitle "CBM 173 Extra"]
[Source "ChessBase"]
[SourceDate "2016.08.29"]
[SourceVersion "1"]
[SourceVersionDate "2016.08.29"]
[SourceQuality "1"]

1. d4 Nf6 2. c4 g6 3. Nc3 Bg7 4. e4 d6 5. Nf3 0-0 6. h3 Na6 7. Be2 c5 8. d5 Bd7 9. 0-0 Nc7 10. Bg5 a6 11. a4 Rb8 12. a5 h6 13. Bf4 Nh5 14. Bh2 Nf6 15. e5 Nfe8 16. Bd3 g5 17. Qe2 g4 18. hxg4 Bxg4 19. Qe3 f5 20. Nh4 dxe5 21. Bxe5 Nd6 22. Ng6 Rf7 23. Nf4 Bxe5 24. Qxe5 Rg7 25. f3 Qf8 26. fxg4 Rxg4 27. Rae1 Re8 28. Ne6 Nxe6 29. Qxe6+ Qf7 30. Qxf7+ Kxf7 31. Bxf5 Nxf5 32. Rxf5+ Kg6 33. Rfe5 Rxc4 34. Re6+ Kh5 1-0